Histoire CE2
Na minha lista:
| Main Authors: | , |
|---|---|
| Formato: | Livro |
| Idioma: | francês |
| Publicado em: |
París
Magnard
1985
|
| Edição: | 1a. ed |
| Colecção: | Collection Drouet
|
| Assuntos: | |
| Tags: |
Adicionar Tag
Sem tags, seja o primeiro a adicionar uma tag!
|
MARC
| LEADER | 00000cam a2200000 a 4500 | ||
|---|---|---|---|
| 001 | UCD1854 | ||
| 003 | CL-VaPUC | ||
| 008 | 160331e19850000fr |||||||||||||||||fre|d | ||
| 082 | 0 | 4 | |a 909 |b DRO |2 21 |
| 100 | 0 | |a Drouet, Jean-Pierre |e author |9 585002 | |
| 700 | 0 | |a Martínez, Yves |e author |9 585003 | |
| 245 | 1 | 0 | |a Histoire CE2 |
| 250 | |a 1a. ed | ||
| 300 | |a 127 p | ||
| 942 | |c BK | ||
| 945 | |d 20160331 23:10:00 |a arojas | ||
| 260 | |a París |b Magnard |c 1985 | ||
| 650 | 0 | |a Historia universal |9 266877 | |
| 650 | 0 | |a Historia antigua |9 267521 | |
| 583 | |a last modification |c 20160331 23:10:00 |k Rodrigo Vera | ||
| 490 | 0 | |a Collection Drouet | |
| 999 | |c 363070 |d 363068 | ||
| 952 | |0 0 |1 0 |3 erd |4 0 |6 909_000000000000000_DRO_1985 |7 0 |8 P |9 474804 |a BIBEDU |b BIBEDU |c BIBEDU_PB |i 5268931 |o 909 DRO 1985 |p 5268931 |r 2024-01-25 |w 2019-11-24 |y BK |z Catalogado en:20160331 |k LIT | ||